| 000 | 01200nam1a22003011i 4500 | ||
|---|---|---|---|
| 001 | rc\2190553 | ||
| 005 | 20240726003634.0 | ||
| 035 | _a(NLR Aleph) 006692535 | ||
| 090 |
_a5160580 _c5160580 |
||
| 100 | _a20110829d1979 |||y0rusy50 ca | ||
| 101 | 0 | _arus | |
| 102 | _aRU | ||
| 105 | _a z ||||| | ||
| 200 | 1 |
_aПятый Международный симпозиум по теории информации _dThe fifth international symposium on information theory _eТезисы докл. _e[В 2 ч.] |
|
| 210 |
_aМосква _aТбилиси _cНаука _d1979 |
||
| 215 | _d21 | ||
| 300 | _aВ надзаг.: АН СССР, АН ГССР | ||
| 320 | _aБиблиогр. в конце докл. | ||
| 510 | 0 |
_aThe fifth international symposium on information theory _zrus |
|
| 606 |
_aИнформации теория _jТезисы докладов _2psbo |
||
| 710 | 1 | 2 |
_aМеждународный симпоз. по теории информации _d5 _f1979 _eТбилиси |
| 801 | 0 |
_aRU _bNLR _gpsbo |
|
| 801 | 1 |
_aRU _bELAR _2rusmarc |
|
| 899 |
_aRuMoRGB _jВ 79-9/153 |
||
| 899 |
_aRuMoRGB _jВ 79-9/155 |
||
| 899 |
_aRuMoRGB _jВ 79-9/153 |
||
| 899 |
_aRuMoRGB _jВ 79-9/155 |
||
| 942 | _cBOOK | ||